A Work in Progress : Integrating Markets for Goods, Labor, and Capital in the East African Community /

This paper assesses the extent of economic and financial integration among the East African Community (EAC) along a number of dimensions and, where possible, whether integration has increased in the wake of the major regional integration policy milestones.

Podrobná bibliografie
Hlavní autor: Alper, Emre
Další autoři: Chen, Wenjie, Dridi, Jemma, Joly, Herve
Médium: Časopis
Jazyk:English
Vydáno: Washington, D.C. : International Monetary Fund, 2017.
Edice:Departmental Papers; Departmental Paper ; No. 2017/001
On-line přístup:Full text available on IMF
LEADER 01464cas a2200277 a 4500
001 AALejournalIMF017284
008 230101c9999 xx r poo 0 0eng d
020 |c 20.00 USD 
020 |z 9781475560350 
022 |a 2616-5333 
040 |a BD-DhAAL  |c BD-DhAAL 
100 1 |a Alper, Emre. 
245 1 2 |a A Work in Progress :   |b Integrating Markets for Goods, Labor, and Capital in the East African Community /  |c Emre Alper, Wenjie Chen, Jemma Dridi, Herve Joly. 
264 1 |a Washington, D.C. :  |b International Monetary Fund,  |c 2017. 
300 |a 1 online resource (76 pages) 
490 1 |a Departmental Papers 
500 |a <strong>Off-Campus Access:</strong> No User ID or Password Required 
500 |a <strong>On-Campus Access:</strong> No User ID or Password Required 
506 |a Electronic access restricted to authorized BRAC University faculty, staff and students 
520 3 |a This paper assesses the extent of economic and financial integration among the East African Community (EAC) along a number of dimensions and, where possible, whether integration has increased in the wake of the major regional integration policy milestones. 
538 |a Mode of access: Internet 
700 1 |a Chen, Wenjie. 
700 1 |a Dridi, Jemma. 
700 1 |a Joly, Herve. 
830 0 |a Departmental Papers; Departmental Paper ;  |v No. 2017/001 
856 4 0 |z Full text available on IMF  |u http://elibrary.imf.org/view/journals/087/2017/001/087.2017.issue-001-en.xml  |z IMF e-Library